000 00828nam a2200277 a 4500
999 _c4490
_d4490
001 010828730
003 ALUPE UNIVERSITY
005 20220323123145.0
008 930913s1993 enk 001 0 eng d
020 _a0340554231
040 _cALUPE UNIVERSITY
050 _aQR46
_b.S76 1993
092 _aD0501183007
100 1 _aStokes, E. Joan
_q(Elizabeth Joan)
245 1 0 _aClinical microbiology /
_cE. Joan Stokes, G.L. Ridgway, M.W.D. Wren ; foreword by Sir Ashley Miles
250 _a7th ed
260 _aLondon :
_bEdward Arnold,
_cc1993.
300 _axi, 398 p. :
_bill. ;
_c24 cm.
500 _aPrevious ed.: 1987
504 _aIncludes bibliographies and index
650 0 _aMedical microbiology
700 1 _aRidgway, G. L.
700 1 _aWren, M. W. D.
942 _2lcc
_cBK
_nCM